Green Day - Statistics

General Stats
  • This quiz has been taken 8 times
  • The average score is 5 of 6
Answer Stats
Hint Answer % Correct
When were they formed? 1986
100%
Who is the lead singer/pianist? Billie Joe Armstrong
100%
Who is the drummer? Tré Cool
100%
Who plays the bass guitar? Mike Dirnt
75%
What is their genre? Rock
50%
What was their first album? 39/Smooth
38%
No matching quizzes found
Score Distribution
Percent of People with Each Score
Percentile by Number Answered
Your Score History
You have not taken this quiz